000 01446nam1a2200301 i 4500
001 RU\NLR\bibl\1738345
005 20260407105156.0
010 _a978-5-211-05917-7
035 _a(NLR Aleph) 001729271
090 _a1389128
_c1389128
100 _a20110218d20119999u y0rusy50 ca
101 0 _arus
102 _aRU
105 _a||||z |||||
200 1 _aРусская литература XIX-XX веков
_eучебное пособие для поступающих в вузы
_eв 2 т.
_fМоск. гос. ун-т им. М.В. Ломоносова, Фил. фак.
_g[сост. и науч. ред.: д.фил.н., проф. Б.С. Бугров, д.фил.н., проф. М.М. Голубков]
205 _a11-е изд.
210 _aМосква
_cИзд-во Московского университета
_d2011
215 _d21
463 0 _10011727377
606 1 _aРусская литература
_jУчебные издания для поступающих в высшие учебные заведения
_91032583
_3RU\NLR\auth\6678541
686 _aШ5(2=Р)я729
702 1 _aБугров
_bБ. С.
_gБорис Семенович
_4220
712 0 2 _4570
_aМГУ им. М. В. Ломоносова
_bФилологический факультет
_9367923
_3RU\NLR\AUTH\889936559
801 0 _aRU
_bNLR
_c20110218
_gRCR
801 1 _aRU
_bNLR
_c20110218
852 _aNLR
_j2011-3/2072
942 _cBOOK